1404 1802 1058 1963 1470 1533 1485 1856 1847 1549 1718 1402 1127 1122 1760 1530 1664 1599 1273 1797 1664 1285 1282 1504 1601 1054 1326 1038 1925 1147 1185 1848 1009 1573 1007 1025 1698 1820 1451 1110 1376 1370 1622 1156 1569 1230 1982 1604 1525 1273 1546 1203 1609 1225 1347 1111 1500 1426 1890 1667 1887 1213 1976 1859 1995 1032 1430 1785 1259 1099 1344 1330 1692 1966 1339 1039 1531 1094 1069 1005 1084 1604 1274 1553 1398 1140 1863 1588 1227 1135 1186 1792 1427 1223 1839 1561 1267 1437 1554 BCNSPRNW ULIB Ver.6.0+V

เปลี่ยนเป็นภาษาไทย

Change to English
 แสดงรายละเอียดบรรณานุกรม
  กลับหน้าหลัก

Brief Record : Get Marc (ISO 2709) : E-mail record : QR code < ปิดหน้าต่าง
LEADER : 00000nam 2200000uu 4500
001    13399126071
003     ULIB
008    180525s2555||||th 000 0 tha d
020    ^a9786167742014
040    ^absi
060 04 ^aW62^bส713ท
100 0  ^aสำลี ใจดี
245 00 ^aทักษะการสื่อสารกับผู้ป่วย /^cบรรณาธิการ,สำลี ใจดี
250    ^aพิมพ์ครั้งที่ 1
260    ^aกรุงเทพฯ :^bมูลนิธิเพื่อเด็กพิการ,^c2555
300    ^a60 หน้า :^bภาพประกอบ ;^c26 ซม.
500    ^aทักษะการสื่อสารกับผู้ป่วย (การปฏิบัติต่อผู้ป่วย)เป็นตำราพื้นฐานในการเรียนหลักสูตรการประกอบโรคศิลปะสาขาการแพทย์แผนไทย ประเภทการนวดไทย (หมอนวดไทย)ตามพระราชบัญญัติการประกอบโรคศิลปะ พ.ศ. 2542
650  4 ^aการสื่อสารกับผู้ป่วย
650  4 ^aการสื่อสารทางการแพทย์
650  4 ^aการแพทย์แผนไทย
710 2  ^aมูลนิธิเพื่อเด็กพิการ
710 2  ^aมูลนิธิสาธารณสุขกับการพัฒนา
710 2  ^aมูลนิธิพัฒนาการแพทย์แผนไทย
945    ^p40^l0^i003995
945    ^p40^l0^i003996
945    ^p40^l0^i003997
945    ^p40^l0^i003998
945    ^p40^l0^i003999
999    ^aประนอม เกษจรัล
รายการนี้ยังไม่มีแท็ก
คุณยังไม่ได้ล็อกอิน คุณสามารถมีกิจกรรมร่วมกับเว็บไซต์ได้ แต่ต้องล็อกอินก่อน ::
  ล็อกอิน

รายการสื่อสารสนเทศ

ลำดับที่ ประเภท เลขเรียก/บาร์โค้ด สถานที่ สถานะ
1. หนังสือสำรอง
หนังสือสำรอง
W62 ส713ท ฉ.1 
  Barcode: 003995
ห้องสมุดวิทยาเขตสวรรค์ประชารักษ์
►ส่วนจัดเก็บหนังสือเก่า สปร
บนชั้น
  ขอยืม
2. วิทยาศาสตร์การแพทย์ และสุขภาพ
วิทยาศาสตร์การแพทย์ และสุขภาพ
W62 ส713ท ฉ.2 
  Barcode: 003996
ห้องสมุดวิทยาเขตสวรรค์ประชารักษ์
►ส่วนจัดเก็บหนังสือเก่า สปร
บนชั้น
  ขอยืม
3. วิทยาศาสตร์การแพทย์ และสุขภาพ
วิทยาศาสตร์การแพทย์ และสุขภาพ
W62 ส713ท ฉ.3 
  Barcode: 003997
ห้องสมุดวิทยาเขตสวรรค์ประชารักษ์
►ส่วนจัดเก็บหนังสือเก่า สปร
บนชั้น
  ขอยืม
4. วิทยาศาสตร์การแพทย์ และสุขภาพ
วิทยาศาสตร์การแพทย์ และสุขภาพ
W62 ส713ท ฉ.4 
  Barcode: 003998
ห้องสมุดวิทยาเขตสวรรค์ประชารักษ์
►ส่วนจัดเก็บหนังสือเก่า สปร
บนชั้น
  ขอยืม
5. วิทยาศาสตร์การแพทย์ และสุขภาพ
วิทยาศาสตร์การแพทย์ และสุขภาพ
W62 ส713ท ฉ.5 
  Barcode: 003999
ห้องสมุดวิทยาเขตสวรรค์ประชารักษ์
►ส่วนจัดเก็บหนังสือเก่า สปร
บนชั้น
  ขอยืม

รายการใกล้เคียง
    ผู้แต่ง [สำลี ใจดี]

    หัวเรื่อง [การสื่อสารกับผู้ป่วย]
    หัวเรื่อง [การสื่อสารทางการแพทย์]
    หัวเรื่อง [การแพทย์แผนไทย]

BibComment


ยังไม่เคยถูกคอมเมนท์

คอมเมนท์ทรัพยากรรายการนี้
  คอมเมนท์: ทักษะการสื่อสารก..


 Copyright 2026. Bcnsprnw @Library